|
|
|
|
| LEADER |
00713nam a22001937a 4500 |
| 020 |
|
|
|a 9781138812987
|
| 082 |
|
|
|a 822.914 09353
|b MIC/L
|
| 100 |
|
|
|a Michelene Wandor
|9 94797
|
| 245 |
|
|
|a Look back in gender:
|b sexuality and the family in post-war British drama/
|c by Michelene Wandor.
|
| 260 |
|
|
|a Oxon:
|b Routledge,
|c 1987.
|
| 300 |
|
|
|a 171p.
|
| 650 |
|
|
|a Drama English
|9 94798
|
| 650 |
|
|
|a Drama British
|9 94799
|
| 650 |
|
|
|a Sexuality Drama
|9 94800
|
| 650 |
|
|
|a Literature English
|9 94801
|
| 650 |
|
|
|a Literature
|9 94802
|
| 942 |
|
|
|c BK
|
| 999 |
|
|
|c 65049
|d 65049
|
| 952 |
|
|
|0 0
|1 0
|4 0
|6 822_914000000000000_MIC_L
|7 0
|9 86682
|a SSUS
|b SSUS
|c STACKS
|d 2017-05-16
|g 2347.00
|l 2
|o 822.914 MIC/L
|p 084560
|r 2018-03-21
|s 2018-02-26
|w 2017-05-16
|y BK
|